Topics for today
These best-selling, academic skills texts systematically develop students' reading and vocabulary skills through engaging themes and intensive practice. Students learn successful reading strategies and are further prompted to build proficiency in their writing, listening, and speaking skills.
Enregistré dans:
| Auteur principal: | |
|---|---|
| Format: | Livre |
| Langue: | Undetermined |
| Publié: |
Boston, MA
Thomson/Heinle
2004
|
| Sujets: | |
| Tags: |
Ajouter un tag
Pas de tags, Soyez le premier à ajouter un tag!
|
| Thư viện lưu trữ: | Trung tâm Học liệu Trường Đại học Cần Thơ |
|---|
| LEADER | 00932nam a2200217Ia 4500 | ||
|---|---|---|---|
| 001 | CTU_123385 | ||
| 008 | 210402s9999 xx 000 0 und d | ||
| 020 | |c 123000 | ||
| 082 | |a 428.64 | ||
| 082 | |b S654/T.5 | ||
| 100 | |a Smith, Lorraine C. | ||
| 245 | 0 | |a Topics for today | |
| 245 | 0 | |c Lorraine C. Smith, Nancy Nici Mare. | |
| 260 | |a Boston, MA | ||
| 260 | |b Thomson/Heinle | ||
| 260 | |c 2004 | ||
| 520 | |a These best-selling, academic skills texts systematically develop students' reading and vocabulary skills through engaging themes and intensive practice. Students learn successful reading strategies and are further prompted to build proficiency in their writing, listening, and speaking skills. | ||
| 650 | |a English language,Current events,Readers | ||
| 650 | |x Textbooks for foreign speakers.,Problems, exercises, etc.,Current events. | ||
| 904 | |i Minh | ||
| 980 | |a Trung tâm Học liệu Trường Đại học Cần Thơ | ||